| 000 | 00563nam a2200181Ia 4500 | ||
|---|---|---|---|
| 005 | 20250923144648.0 | ||
| 008 | 008 250917s9999 xx 000 0 eng d | ||
| 037 | _aTextual | ||
| 040 |
_aDSWL _beng _cDSWL |
||
| 041 |
_aeng _2eng |
||
| 084 |
_aY493.251'N5t4, N57 _qDSWL |
||
| 100 |
_aChopra, S.C. _9827113 |
||
| 245 | 2 |
_aA Socio economic survey of siqligans living Bharat Nagar, Delhi _cby S.C. Chopra |
|
| 260 |
_aDelhi _b D.S.S.W. _c1957 |
||
| 300 | _a86p. | ||
| 942 |
_cTEXL _hY493.251'N5t4, N57 |
||
| 999 |
_c1441751 _d1441751 |
||